Logo BPK

Biblioteka

Politechniki Koszalińskiej

Tempó! 1A : (Rekord nr 38101)

Szczegóły MARC
000 -ETYKIETA REKORDU
podpole kontrolne o stałej długości 00606nam a2200205 i 4500
001 - NUMER KONTROLNY REKORDU
pole kontrolne bg
040 ## - ŹRÓDŁO KATALOGOWANIA
Instytucja, która utworzyła rekord BPK
041 0# - KOD JĘZYKA
Kod języka tekstu plfr
080 ## - UNIWERSALNA KLASYFIKACJA DZIESIĘTNA - UKD
UKD 811.133.1(075.3.053.7)
008 - POLE O STAŁEJ DŁUGOŚCI - DANE KONTROLNE
podpole kontrolne o stałej długości s pl f |000 0 pol
100 1# - NAZWA OSOBOWA
Nazwa osobowa BÉRARD, Évelyne1
245 ## - TYTUŁ/ODPOWIEDZIALNOŚĆ
Tytuł Tempó! 1A :
Ciąg dalszy tytułu méthode de français /
Pozostałe elementy strefy tytułu i oznaczenia odpowiedzialności Évelyne Bérard, Yves Canier, Christian Lavenne.
Tytuł
260 ## - STREFA ADRESU WYDAWNICZEGO
Nazwa wydawcy/dystrybutora Wydawnictwa Szkolne i Pedagogiczne ;
Miejsce wydania Paris :
Nazwa wydawcy/dystrybutora "Didier",
Data publikacji, dystrybucji/powstania dokumentu 2000.
Miejsce wydania
300 ## - STREFA OPISU FIZYCZNEGO
Inne cechy fizyczne il. kolor., mapy ;
Rozmiary 28 cm.1
Objętość
490 ## - STREFA SERII I DOKUMENTU WIELOCZĘŚCIOWEGO - FORMA NIE DO WYSZUKIWANIA
Tytuł i oznaczenie odpowiedzialności serii
700 1# - HASŁO DODATKOWE - NAZWA OSOBOWA
Nazwa osobowa CANIER, Yves
700 1# - HASŁO DODATKOWE - NAZWA OSOBOWA
Nazwa osobowa LAVENNE, Christian
830 ## - HASŁO DODATKOWE SERII LUB DOKUMENTU WIELOCZĘŚCIOWEGO - TYTUŁ UJEDNOLICONY
Tytuł ujednolicony Reforma
856 ## - LOKALIZACJA I DOSTĘP DO ELEKTRONICZNYCH DOKUMENTÓW ZDALNYCH
Link (URL) http://koha.tu.koszalin.pl/cgi-bin/koha/opac-detail.pl?biblionumber=38101
Tekst linku Katalog online BPK
942 ## - DODATKOWE ELEMENTY (KOHA)
Typ dokumentu Książka
Egzemplarze
Wycofany Status egzemplarza Uszkodzony Dostępność Lokalizacja stała Lokalizacja bieżąca Miejsce przechowywania Sygnatura Kod kreskowy Ostatnio wypożyczono Typ dokumentu
      Dostępny Biblioteka Politechniki Koszalińskiej Biblioteka Politechniki Koszalińskiej Wypożyczalnia BG 54699 01504019 10.10.2014 Książka
© 2023 Biblioteka Politechniki Koszalińskiej :: KOHA